[Event "SK Metelen 1 - TV Borken 1"]
[Site "Verbandsliga 2018/2019"]
[Date "2018.09.22"]
[Round "2.7"]
[White "Wagner, Nils-Frederic"]
[Black "Wigger, Frank"]
[Result "1/2-1/2"]
[WhiteElo "1665"]
[BlackElo "1812"]
[PlyCount "86"]
[EventDate "2018.??.??"]
[SourceDate "2018.09.09"]

1. c4 b6 2. Nf3 Bb7 3. d4 e6 4. Nc3 Nf6 5. Bg5 Be7 6. e3 d5 7. cxd5 Nxd5 8.
Bxe7 Qxe7 9. Be2 Nd7 10. O-O O-O 11. Rc1 c5 12. Qd2 Rfd8 13. Rfd1 Rac8 14. b3
cxd4 15. Nxd5 Bxd5 16. Nxd4 Nc5 17. Qb4 Qf6 18. Nf3 h6 19. Qd4 Qe7 20. Qf4 Ne4
21. Bd3 Nc3 22. Ba6 Qa3 23. Qe5 Ne2+ 24. Bxe2 Rxc1 25. Qd4 Rxd1+ 26. Qxd1 Rc8
27. Bf1 Bxf3 28. Qxf3 Qxa2 29. Qb7 Qc2 30. h3 Qc7 31. Qe4 Qc6 32. Qd4 Qc5 33.
Qa4 Qc7 34. Qe4 Rd8 35. Bd3 g6 36. g4 Qd6 37. Bc4 Qd1+ 38. Kg2 b5 39. Bxe6 Kg7
40. Qe5+ Kf8 41. Qf6 Rd7 42. Bxd7 Qxd7 43. b4 Qd5+ 1/2-1/2

[Event "SK Metelen 1 - TV Borken 1"]
[Site "Verbandsliga 2018/2019"]
[Date "2018.09.22"]
[Round "2.8"]
[White "Gravenkötter, Christian"]
[Black "Schmidt, Sebastian"]
[Result "0-1"]
[WhiteElo "1719"]
[BlackElo "1460"]
[PlyCount "66"]
[EventDate "2018.??.??"]
[SourceDate "2018.09.09"]

1. e4 e5 2. Nf3 Nc6 3. Bc4 Bc5 4. c3 Nf6 5. d4 exd4 6. cxd4 Bb4+ 7. Bd2 Bxd2+
8. Nbxd2 d5 9. exd5 Nxd5 10. O-O O-O 11. a3 Nb6 12. d5 Nxd5 13. Ne4 Nb6 14. Bb5
Ne7 15. Ne5 Qd5 16. Qxd5 Nexd5 17. Rad1 c6 18. Nxc6 a6 19. Nd4 axb5 20. Nxb5
Bd7 21. Nbd6 Bc6 22. Nc5 Nf4 23. f3 Rab8 24. Kf2 Rfd8 25. Rfe1 Nfd5 26. Nf5 g6
27. Ne7+ Nxe7 28. Rxd8+ Rxd8 29. Rxe7 Rd2+ 30. Kg3 Nd5 31. Re1 Rxb2 32. h4 h5
33. Ne4 Ra2 0-1

[Event "SF Beelen 1 - SV Heiden 1"]
[Site "Verbandsliga 2018/2019"]
[Date "2018.09.22"]
[Round "2.1"]
[White "Wienen, Hermann"]
[Black "Henke, Wolfgang"]
[Result "1/2-1/2"]
[WhiteElo "1934"]
[BlackElo "1795"]
[PlyCount "37"]
[EventDate "2018.??.??"]
[SourceDate "2018.09.09"]

1. e4 e5 2. Nf3 Nc6 3. Bc4 Bc5 4. c3 Nf6 5. d3 O-O 6. O-O d6 7. Bg5 Qe7 8. d4
Bb6 9. d5 Nb8 10. Nbd2 h6 11. Be3 Bg4 12. h3 Bh5 13. Bxb6 axb6 14. Re1 Nh7 15.
Be2 Nd7 16. Nf1 Bg6 17. Ng3 Ng5 18. Nxg5 Qxg5 19. Bf3 1/2-1/2

[Event "SF Beelen 1 - SV Heiden 1"]
[Site "Verbandsliga 2018/2019"]
[Date "2018.09.22"]
[Round "2.2"]
[White "Hofene, Dieter"]
[Black "Berger, Alfred"]
[Result "1-0"]
[WhiteElo "1993"]
[BlackElo "1923"]
[PlyCount "47"]
[EventDate "2018.??.??"]
[SourceDate "2018.09.09"]

1. e4 d6 2. Bc4 Nf6 3. d3 e5 4. f4 Be7 5. Nf3 O-O 6. O-O exf4 7. Bxf4 d5 8.
exd5 Nxd5 9. Bxd5 Qxd5 10. Kh1 c5 11. Nc3 Qh5 12. Qd2 Nc6 13. Ne4 b6 14. Rae1
Bb7 15. Bd6 Bxd6 16. Nxd6 Ba6 17. Ng5 Ne5 18. Rxe5 f6 19. Ref5 fxg5 20. Qf2
Rfd8 21. Nf7 Re8 22. Rxg5 Qe2 23. Rxg7+ Kf8 24. Rg8+ 1-0

[Event "SF Beelen 1 - SV Heiden 1"]
[Site "Verbandsliga 2018/2019"]
[Date "2018.09.22"]
[Round "2.4"]
[White "Cigelski, Rudolf"]
[Black "Sicking, Norbert"]
[Result "1-0"]
[WhiteElo "1824"]
[BlackElo "1799"]
[PlyCount "63"]
[EventDate "2018.??.??"]
[SourceDate "2018.09.09"]

1. e4 g6 2. d4 Bg7 3. c4 c6 4. Nc3 d6 5. Be2 Nf6 6. Bg5 O-O 7. Qd2 Qa5 8. h4 h5
9. O-O-O Qc7 10. Kb1 a6 11. Qc2 Nh7 12. Be3 e5 13. d5 c5 14. f4 f5 15. fxe5
Bxe5 16. Nf3 Bxc3 17. Qxc3 fxe4 18. Nd2 Bf5 19. Nf1 Qd7 20. Bh6 Rf7 21. Ne3 Nf6
22. Rdf1 Kh7 23. Bg5 Ng8 24. g4 hxg4 25. Bxg4 b5 26. h5 Bxg4 27. Rxf7+ Qxf7 28.
hxg6+ Kxg6 29. Nxg4 Qg7 30. Qh3 Qd4 31. Qh5+ Kg7 32. Qh7+ 1-0

[Event "SF Beelen 1 - SV Heiden 1"]
[Site "Verbandsliga 2018/2019"]
[Date "2018.09.22"]
[Round "2.5"]
[White "Herdering, Martin"]
[Black "Hanewinkel, Martin"]
[Result "1/2-1/2"]
[WhiteElo "1819"]
[BlackElo "1836"]
[PlyCount "55"]
[EventDate "2018.??.??"]
[SourceDate "2018.09.09"]

1. e4 c5 2. Nf3 e6 3. d4 cxd4 4. Nxd4 a6 5. Nc3 Qc7 6. Be2 Nf6 7. O-O Nc6 8.
Be3 b5 9. Nxc6 dxc6 10. Bf3 Bd7 11. Qd2 Bd6 12. g3 h5 13. Rad1 Be7 14. Bg5
O-O-O 15. h4 e5 16. Qe2 Bh3 17. Rxd8+ Rxd8 18. Rd1 Ng4 19. Rxd8+ Qxd8 20. Bxe7
Qxe7 21. a4 Qc5 22. axb5 axb5 23. Nd1 Qd4 24. Qd3 Kb7 25. Qxd4 exd4 26. Be2 g6
27. f3 Ne5 28. Nf2 1/2-1/2

[Event "SF Beelen 1 - SV Heiden 1"]
[Site "Verbandsliga 2018/2019"]
[Date "2018.09.22"]
[Round "2.6"]
[White "Austermann, Reinhold"]
[Black "Niewerth, Gerd"]
[Result "0-1"]
[WhiteElo "1810"]
[BlackElo "1803"]
[PlyCount "150"]
[EventDate "2018.??.??"]
[SourceDate "2018.09.09"]

1. d4 Nf6 2. e3 g6 3. Bd3 Bg7 4. c3 d6 5. f4 O-O 6. Nf3 c5 7. O-O Qc7 8. Nbd2
Nc6 9. Ne4 b6 10. Nxf6+ Bxf6 11. d5 Nd8 12. e4 c4 13. Bc2 Bg7 14. Be3 Nb7 15.
Qe2 Bd7 16. Bd4 b5 17. Qf2 Bxd4 18. cxd4 a5 19. Qh4 f6 20. e5 Kg7 21. e6 Be8
22. Qg3 f5 23. h4 h5 24. Nd2 b4 25. Rac1 Qb6 26. Nxc4 Qxd4+ 27. Ne3 Rc8 28. Kh2
Qxb2 29. Rb1 Qxa2 30. Bxf5 Rc3 31. Qg5 Rxe3 32. Qxe7+ Kg8 33. Bh3 Qxd5 34. Rbd1
Qe4 35. f5 Rxh3+ 36. Kxh3 Qg4+ 37. Kh2 Bc6 38. Rd2 gxf5 39. Rdf2 f4 40. Qc7
Qxh4+ 41. Kg1 Bd5 42. Qc2 Qg5 43. Re1 Re8 44. e7 Rxe7 45. Rxe7 Qxe7 46. Qg6+
Kf8 47. Rxf4+ Bf7 48. Qh6+ Ke8 49. Rf3 Nc5 50. Re3 Ne6 51. Qh8+ Kd7 52. Qa8 Qg5
53. Rf3 Bg6 54. Qb7+ Nc7 55. Rf8 Qe3+ 56. Kh2 Qe7 57. Rc8 Qe5+ 58. Kh1 d5 59.
Rf8 d4 60. Qc8+ Kc6 61. Qd8 Ne6 62. Qa8+ Kb5 63. Qb7+ Kc4 64. Qa6+ Kb3 65. Rf3+
d3 66. Qb6 Nd4 67. Qxg6 Nxf3 68. Qxd3+ Qc3 69. Qd5+ Kb2 70. gxf3 a4 71. Kg2 a3
72. Kg3 a2 73. Qd1 a1=Q 74. Qe2+ Kc1 75. Qf1+ Kd2 0-1

[Event "SF Beelen 1 - SV Heiden 1"]
[Site "Verbandsliga 2018/2019"]
[Date "2018.09.22"]
[Round "2.7"]
[White "Buchner, Ralf"]
[Black "Fartmann, Franz-Josef"]
[Result "1/2-1/2"]
[WhiteElo "1681"]
[BlackElo "1782"]
[PlyCount "49"]
[EventDate "2018.??.??"]
[SourceDate "2018.09.09"]

1. Nf3 c5 2. c4 d6 3. Nc3 g6 4. g3 Bg7 5. Bg2 Nc6 6. O-O a6 7. d3 e6 8. Bg5
Nge7 9. Qd2 h6 10. Be3 Nf5 11. Rad1 e5 12. Ne1 O-O 13. Nc2 Rb8 14. Nd5 Nce7 15.
b3 Kh7 16. b4 Nxd5 17. Bxd5 Qc7 18. bxc5 dxc5 19. f4 Nxe3 20. Qxe3 Bh3 21. Rf2
Rbe8 22. Qf3 h5 23. f5 Bxf5 24. Ne3 Be6 25. Bxb7 1/2-1/2

[Event "SF Beelen 1 - SV Heiden 1"]
[Site "Verbandsliga 2018/2019"]
[Date "2018.09.22"]
[Round "2.8"]
[White "Hofene, Josef"]
[Black "Wichert, Michael"]
[Result "0-1"]
[WhiteElo "1770"]
[BlackElo "1696"]
[PlyCount "82"]
[EventDate "2018.??.??"]
[SourceDate "2018.09.09"]

1. e4 e6 2. d4 d5 3. exd5 exd5 4. Nf3 Bd6 5. Bd3 Nf6 6. O-O O-O 7. Nc3 c6 8.
Bg5 Bg4 9. Re1 Nbd7 10. h3 Bh5 11. g4 Bg6 12. Ne5 Qc7 13. f4 Bxd3 14. Qxd3 a6
15. Bh4 b5 16. Qf3 b4 17. Nd1 Ne4 18. Nf2 Nxf2 19. Bxf2 Nf6 20. Re2 Ne4 21.
Rae1 a5 22. Kg2 f6 23. Nd3 Rf7 24. Be3 g5 25. f5 Kg7 26. Bf2 Re8 27. Rh1 Rfe7
28. h4 h6 29. Qh3 Rh8 30. Be1 Kf8 31. Bd2 Reh7 32. Rhe1 h5 33. Rxe4 dxe4 34.
Rxe4 hxg4 35. Qe3 Re7 36. Nc5 Bxc5 37. dxc5 Rxh4 38. Rxe7 Qh2+ 39. Kf1 Qh1+ 40.
Ke2 Rh2+ 41. Kd3 Qd5+ 0-1